Statistics for Heather - Conan Gray Lyrics

Click here to take the quiz!

General Stats

  • This quiz has been taken 153 times
    (152 since last reset)
  • The average score is 188 of 205

Answer Stats

Answer% Correct
i
100%
me
99%
you
99%
your
99%
better
98%
it
98%
then
98%
a
97%
like
97%
looked
97%
on
97%
sweater
97%
what
97%
as
96%
by
96%
eyes
96%
of
96%
said
96%
than
96%
december
95%
did
95%
how
95%
remember
95%
she
95%
walks
95%
but
94%
much
94%
still
94%
third
94%
watch
94%
for
93%
if
92%
i'm
92%
I'm
92%
knew
92%
she's
92%
sore
92%
an
91%
even
91%
ever
91%
gave
91%
Heather
91%
her
91%
it's
91%
its
91%
just
91%
kiss
91%
not
91%
only
91%
pretty
91%
why
91%
wish
91%
got
90%
half
90%
sight
90%
were
90%
brighter
89%
would
89%
in
88%
polyester
88%
sky
88%
blue
87%
die
87%
mesmerised
84%
while
83%
angel
79%
dead
78%
hate
78%
such
78%
again
76%
could
76%
hand
76%
getting
72%
kinda
72%
arm
71%
colder
71%
shoulder
71%
with
71%
watched
70%
now
68%
holding
67%
'round
66%
stands
65%
put
61%
liked
53%

Score Distribution

Percentile by Number Answered

Percent of People with Each Score

Your Score History

You have not taken this quiz since the last reset